| 000 | 00746nam a22002297a 4500 | ||
|---|---|---|---|
| 999 |
_c14976 _d14976 |
||
| 003 | MIRAKIL | ||
| 005 | 20220901114952.0 | ||
| 008 | 220901b tu ||||| |||| 00| 0 tur d | ||
| 020 | _a9786050962536 | ||
| 040 |
_aTR-AnCHP _cTR-AnCHP |
||
| 041 | _aTur | ||
| 082 |
_a926.2 _bT86m 2019 |
||
| 100 | 1 | _aTurgut, Hulusi | |
| 245 | 1 | 0 |
_aMaden bilimcilerin duayeni Sadrettin Alpan : _binsanı maden yaşatır/ _cHulûsi Turgut |
| 246 | _ainsanı maden yaşatır | ||
| 260 |
_aİstanbul : _bDoğan Egmont Yayıncılık, _c2019. |
||
| 300 |
_a494 s.: _bfotg.; _c23 sm. |
||
| 600 | 0 |
_97167 _aAlpan, Sadrettin _cMaden Mühendisi _xYaşamöyküsü |
|
| 650 | 0 |
_94 _aTürkiye _xMaden Mühendisleri |
|
| 740 | _ainsanı maden yaşatır | ||
| 942 |
_2ddc _cBKS |
||